000 00930nam a22002897a 4500
001 BR7100692
003 BR-BrBNA
005 20230928083712.0
007 ta
008 230509b bl.||||| |||| 00| 0 por d
040 _aBR-BrBNA
_bpor
_cBiblioteca Nacional de Agricultura
041 _a(Por)
072 _aK50
_b2480
_b8909
_b/G514
090 _ 2480 BR7100692
110 1 _aSuperintendencia da Borracha, Rio de Janeiro, RJ (Brasil)
_910023
245 1 _aPlano Nacional da Borracha. Anexo 8. Borracha vegetal pesquisa e experimentacao tecnologicas [Hevea brasiliensis; Seringueira; Latex; Industria florestal; Amazonia; Brasil]
260 3 _aRio de Janeiro, RJ (Brasil):
_c1971.
300 _a52 p.
500 _a15 tables; 30 ref.
650 _aINDUSTRIA FLORESTAL
650 _aBORRACHA
650 _aSERINGUEIRA
650 _aLATEX
650 _aAMAZONIA
909 _a202309
_bLucia
_c55
_dLucia Elande
942 _cBK
999 _c14858
_d14858